| 000 | 00928nam a22002897a 4500 | ||
|---|---|---|---|
| 003 | CHAP | ||
| 005 | 20220817044239.0 | ||
| 008 | 111025s2004 mx r 00010 spa d | ||
| 010 | _a95635 | ||
| 011 | _a96607 | ||
| 035 | _a107261 | ||
| 040 | _cCHAP | ||
| 090 | _aFolleto 18101 | ||
| 110 | 1 | _aUACH | |
| 245 | 1 | 0 |
_aCatálogo de libros de la Universidad Autónoma Chapingo _c/por Universidad Autónoma Chapingo |
| 260 |
_aChapingo, Méx. : _bUACH, _c2004 |
||
| 300 | _a63 p. | ||
| 590 |
_aBATCH-UPD _b10 _c20130110 _lUCH01 _h1320 |
||
| 590 |
_aBATCH-UPD _b10 _c20130410 _lUCH01 _h0830 |
||
| 590 |
_aBATCH-UPD _b10 _c20130914 _lUCH01 _h1724 |
||
| 590 |
_aCONVERSION _b10 _c20130109 _lUCH01 _h1353 |
||
| 650 | 1 | 4 |
_aLibros _xCatálogos colectivos. _966657 |
| 901 | _aBK | ||
| 942 | _cFOLL | ||
| 949 |
_aFolleto 18101 _bBC _cFOLL _d33724002310165 _eTS2 _fc.2 _i107261 _sb |
||
| 949 |
_aFolleto 18101 _bBC _cUACH _d33724002310207 _eTS1 _i107261 _sb |
||
| 999 |
_c95635 _d95635 |
||